000 00666nam a22001577a 4500
003 OSt
005 20151106142852.0
008 151106b xxu||||| |||| 00| 0 eng d
040 _cRUA
082 _aFOR SAR 2000 B126 Or.1
100 _93448
_aSARUN, SAKARANOCH.
245 _aEffectiveness of pine forest management in kirirum national park, ប្រសិទ្ធភាពនៃការគ្រប់គ្រងព្រៃស្រល់នៅតំបន់ឧទ្យានជាតិគីរីរម្យ" ព្រះសុរាម្រិត-កុសមៈ"
260 _aPhnom Penh
_bRUA
_c2000
300 _a70p.
_bill.
_c29cm.
942 _2ddc
_cFOR
999 _c3220
_d3220